True or False Movie Trivia Quiz Stats

 Plays Quiz Updated Jul 3, 2014

Support Sporcle.
Go Orange.
Score 0/24 Timer 07:00
0 Plays Today
Fact True (T) or False (F) % Correct
Heath Ledger locked himself in a hotel room for a month to prepare for his role as The Joker in 'The Dark Knight'.???
83.2%
Daniel Day-Lewis stayed in a cabin in the woods by himself living off the land for months while preparing for his role in 'The Last of the Mohicans'.???
80.9%
The Dude's wardrobe in 'The Big Lebowski' were Jeff Bridges' own clothes.???
79.6%
The roles of Peter Venkman and Winston Zeddemore in 'Ghostbusters' were originally written for John Belushi and Eddie Murphy.???
78%
Dolph Lundgren has an IQ of 160, speaks 7 languages and holds a degree in chemical engineering.???
77.8%
Christian Bale based elements of his performance as Patrick Bateman on Tom Cruise after seeing him in an interview. ???
76.5%
'The Wizard of Oz' (1939) was originally completely colorized but an intern accidentally exposed the last reel to sunlight causing it to revert to black and white.???
76.3%
During the filming of 'The Shining', Stanley Kubrick would call Stephen King at 3 a.m. to ask him random questions like 'Do you believe in God?'.???
73.1%
Jim Carrey’s chipped tooth in 'Dumb & Dumber' is real.???
70.5%
All of Michael Winslow's sound effects in 'Police Academy' (1984) were done by Bobcat Goldthwait and added in later.???
67.7%
Sean Connery turned down the role of Gandalf even after being offered 15% of the films' overall grossing because he 'didn’t understand the script'.???
66.6%
All of Bill Murray's lines in 'Caddyshack' were improvised.???
65.7%
Fact True (T) or False (F) % Correct
In 'Men in Black' the 'MiB' originally stood for 'Men in Blue' but Will Smith had it changed stating that he looked better in a black suit.???
63.9%
Robin Williams often called Steven Spielberg during the filming of 'Schindler's List' to cheer him up with various jokes.???
63.8%
When released, 'Snow White and the Seven Dwarves' (1937) was rated X because it displayed an animated kiss, the likes of which were unheard at that time.???
58.4%
Michael Keaton's real name is Michael Douglas.???
57.2%
James Woods was originally cast as Mr. Orange in Reservoir Dogs, but was fired after a fistfight with Quentin Tarantino.???
55.1%
In the German release of 'Indiana Jones and the Last Crusade' (1989) it was re-dubbed so that Indiana Jones and his father are fighting French industrialists.???
51.1%
Eddie Murphy went bankrupt after he forewent the salary on Pluto Nash for a slice of the profits instead. ???
50.7%
Nicolas Cage makes all his film role choices based on the position of the stars that week. ???
50.7%
'Ferris Bueller's Day Off' and 'The Breakfast Club' were filmed at the same high school.???
48.6%
The word 'zombie' is used 27 times in 'Night of the Living Dead' (1968) to mark George A. Romero's 27th birthday.???
46.2%
While filming 'Waterworld' (1995) director Kevin Reynolds was shocked to find out that Kevin Costner couldn't swim.???
37.6%
None of the James Bond films were ever approved by Chinese censors.???
36.2%

You're not logged in!

Compare scores with friends on all Sporcle quizzes.
OR
Log In

From the Vault

Name That Ology

by SporcleAdmin

Hint: the study of the fascination with online trivial knowledge. Answer: Sporcology.
Remove Ads.
Support Sporcle.
Get the best of Sporcle when you Go Orange. This ad-free experience offers more features, more stats, and more fun while also helping to support Sporcle. Thank you for becoming a member.

Show Comments

Extras

Top Quizzes Today


Score Distribution

Your Account Isn't Verified!

In order to create a playlist on Sporcle, you need to verify the email address you used during registration. Go to your Sporcle Settings to finish the process.

Report this User

Report this user for behavior that violates our Community Guidelines.

Details: